Young lose out in housing boom (Record no. 62254)

MARC details
000 -LEADER
fixed length control field 00942cam a2200241 4500
001 - CONTROL NUMBER
control field WB3603-16
008 - FIXED-LENGTH DATA ELEMENTS--GENERAL INFORMATION
fixed length control field 000000n2000 000 0 eng u
035 ## - SYSTEM CONTROL NUMBER
System control number (Sirsi) u103677
245 ## - TITLE STATEMENT
Title Young lose out in housing boom
260 ## - PUBLICATION, DISTRIBUTION, ETC.
Date of publication, distribution, etc. 2000
490 ## - SERIES STATEMENT
Series statement Guardian
Volume/sequential designation 17 January 2000, 10(1)
490 ## - SERIES STATEMENT
Series statement Independent
Volume/sequential designation 18 Januaty 2000, 10(1)
520 ## - SUMMARY, ETC.
Summary, etc. A Mori survey carried out on behalf of the National Housing Federation and the Chartered Institute of Housing suggests that a majority of people polled in the south-east believe that the next generation will not be able to afford to buy a home. The poll was carried out to launch the 'Our Homes, Our Future' campaign.
590 ## - LOCAL NOTE (RLIN)
Local note WB
650 ## - SUBJECT ADDED ENTRY--TOPICAL TERM
Topical term or geographic name entry element MORI
650 ## - SUBJECT ADDED ENTRY--TOPICAL TERM
Topical term or geographic name entry element SURVEYS
650 ## - SUBJECT ADDED ENTRY--TOPICAL TERM
Topical term or geographic name entry element FORECASTS
650 ## - SUBJECT ADDED ENTRY--TOPICAL TERM
Topical term or geographic name entry element HOUSING MARKET
650 ## - SUBJECT ADDED ENTRY--TOPICAL TERM
Topical term or geographic name entry element NATIONAL HOUSING FEDERATION
650 ## - SUBJECT ADDED ENTRY--TOPICAL TERM
Topical term or geographic name entry element CIH
690 ## - LOCAL SUBJECT ADDED ENTRY--TOPICAL TERM (OCLC, RLIN)
Topical term or geographic name as entry element PROPERTY-RESIDENTIAL PROPERTY-RESIDENTIAL PROPERTY MARKET
942 ## - ADDED ENTRY ELEMENTS (KOHA)
Suppress in OPAC 0
Holdings
Withdrawn status Lost status Source of classification or shelving scheme Damaged status Not for loan Home library Current library Shelving location Date acquired Total Checkouts Full call number Barcode Date last seen Copy number Price effective from Koha item type
    Dewey Decimal Classification     London London News article 18/01/2000   WB3603-16 103677-1001 06/08/2019 1 06/08/2019 News article